League of Legends Items 2022 - Statistics

General Stats
  • This quiz has been taken 327 times
  • The average score is 59 of 205
Answer Stats
Type Category Answer % Correct
Starter AD Doran's Blade
89%
Starter Tank Doran's Shield
89%
Starter AP Doran's Ring
87%
Basic Items AD Long Sword
75%
Trinkets Ward Stealth Ward
67%
Mythic Items AP Luden's Tempest
63%
Boots Any Boots
62%
Starter Mana Tear of the Goddess
61%
Mythic Items AD Kraken Slayer
59%
Starter AP Dark Seal
58%
Mythic Items AP Liandry's Anguish
55%
Mythic Items Tank Sunfire Aegis
55%
Consumables Potion Health Potion
54%
Basic Items Tank Ruby Crystal
54%
Mythic Items AD Galeforce
53%
Legendary Items AD Infinity Edge
53%
Legendary Items AP Rabadon's Deathcap
53%
Starter AD Cull
51%
Basic Items AS Dagger
50%
Boots Any Mercury's Treads
49%
Consumables Potion Refillable Potion
49%
Mythic Items AD Trinity Force
49%
Legendary Items AP Zhonya's Hourglass
49%
Legendary Items AD Blade of the Ruined King
48%
Legendary Items Tank Thornmail
48%
Boots Any Boots of Swiftness
47%
Basic Items Tank Cloth Armor
47%
Mythic Items AD Immortal Shieldbow
47%
Mythic Items Enchanter Moonstone Renewer
47%
Basic Items AD B. F. Sword
46%
Consumables Ward Control Ward
46%
Mythic Items AD Goredrinker
46%
Legendary Items AD Bloodthirster
45%
Boots Any Berserker's Greaves
44%
Mythic Items AP Hextech Rocketbelt
43%
Boots Any Plated Steelcaps
43%
Legendary Items Tank Warmog's Armor
43%
Boots Any Mobility Boots
42%
Basic Items Any Stopwatch
42%
Boots Any Ionian Boots of Lucidity
41%
Legendary Items AD Lord Dominik's Regards
40%
Consumables Potion Corrupting Potion
39%
Mythic Items Tank Frostfire Gauntlet
39%
Legendary Items AD Manamune
39%
Legendary Items AP Morellonomicon
39%
Legendary Items AD Titanic Hydra
39%
Basic Items AP Amplifying Tome
38%
Mythic Items AD Divine Sunderer
38%
Mythic Items AD Eclipse
38%
Epic Items AP Lost Chapter
38%
Legendary Items AS Rapid Firecannon
38%
Legendary Items AS Runaan's Hurricane
38%
Legendary Items AP Void Staff
38%
Mythic Items AD Duskblade of Draktharr
37%
Mythic Items AP Everfrost
37%
Mythic Items AD Stridebreaker
37%
Consumables Elixir Elixir of Iron
36%
Basic Items AD Pickaxe
36%
Boots AP Sorcerer's Shoes
36%
Legendary Items Tank Frozen Heart
35%
Legendary Items AD Black Cleaver
34%
Epic Items Tank Bramble Vest
34%
Legendary Items Tank Force of Nature
34%
Legendary Items AS Guinsoo's Rageblade
34%
Legendary Items AP Mejai's Soulstealer
34%
Legendary Items AD Phantom Dancer
34%
Legendary Items AD Ravenous Hydra
34%
Legendary Items Enchanter Ardent Censer
33%
Legendary Items AD Guardian Angel
33%
Trinkets Ward Oracle Lens
33%
Legendary Items AD Youmuu's Ghostblade
33%
Basic Items AD Cloak of Agility
32%
Epic Items AD Serrated Dirk
32%
Legendary Items AD Death's Dance
31%
Consumables Elixir Elixir of Wrath
31%
Epic Items Tank Kindlegem
31%
Legendary Items AP Nashor's Tooth
31%
Mythic Items AD Prowler's Claw
31%
Mythic Items Enchanter Shurelya's Battlesong
31%
Basic Items AP Blasting Wand
30%
Legendary Items Tank Dead Man's Plate
30%
Legendary Items AP Demonic Embrace
30%
Epic Items Tank Giant's Belt
30%
Legendary Items AD Muramana
30%
Basic Items AP Needlessly Large Rod
30%
Basic Items Mana Sapphire Crystal
30%
Legendary Items Tank Spirit Visage
30%
Mythic Items AP Night Harvester
29%
Mythic Items AP Riftmaker
29%
Legendary Items AD Sterak's Gage
29%
Distributed Items Rune Total Biscuit of Everlasting Will
29%
Mythic Items Tank Turbo Chemtank
29%
Legendary Items Tank Abyssal Mask
28%
Basic Items Any Sheen
28%
Legendary Items AD The Collector
28%
Epic Items AD Tiamat
28%
Legendary Items Tank Gargoyle Stoneplate
27%
Basic Items Tank Null-Magic Mantle
27%
Epic Items AP Oblivion Orb
27%
Starter Tank Relic Shield
27%
Legendary Items Tank Hullbreaker
26%
Legendary Items AP Lich Bane
26%
Legendary Items AD Mortal Reminder
26%
Legendary Items AP Shadowflame
26%
Legendary Items Enchanter Staff of Flowing Water
26%
Epic Items AS Zeal
26%
Legendary Items AP Banshee's Veil
25%
Mythic Items AP Crown of the Shattered Queen
25%
Consumables Elixir Elixir of Sorcery
25%
Legendary Items AD Essence Reaver
25%
Epic Items AD Executioner's Calling
25%
Mythic Items Tank Locket of the Iron Solari
25%
Legendary Items Tank Randuin's Omen
25%
Epic Items AS Recurve Bow
25%
Legendary Items Enchanter Redemption
25%
Starter AP Spellthief's Edge
25%
Legendary Items AD Wit's End
25%
Legendary Items AP Archangel's Staff
24%
Legendary Items AD Edge of Night
24%
Mythic Items Enchanter Imperial Mandate
24%
Legendary Items AD Navori Quickblades
24%
Epic Items Tank Negatron Cloak
24%
Legendary Items AP Rylai's Crystal Scepter
24%
Epic Items AD Caulfield's Hammer
23%
Epic Items Tank Chain Vest
23%
Epic Items Any Quicksilver Sash
23%
Legendary Items AP Seraph's Embrace
23%
Distributed Items Pyke Your Cut
23%
Legendary Items AD Chempunk Chainsword
22%
Legendary Items AP Cosmic Drive
22%
Trinkets Ward Farsight Alteration
22%
Epic Items AD Last Whisper
22%
Legendary Items AD Maw of Malmortius
22%
Legendary Items AD Stormrazor
22%
Epic Items AD Vampiric Scepter
22%
Mythic Items Tank Evenshroud
21%
Legendary Items AD Serylda's Grudge
21%
Epic Items Tank Bami's Cinder
20%
Starter Jungle Emberknife
20%
Epic Items AP Fiendish Codex
20%
Legendary Items Enchanter Mikael's Blessing
20%
Epic Items AD Noonquiver
20%
Epic Items AD Phage
20%
Epic Items AP Seeker's Armguard
20%
Legendary Items AD Axiom Arc
19%
Starter Tank Guardian's Horn
19%
Legendary Items Tank Knight's Vow
19%
Distributed Items Rune Minion Dematerializer
19%
Epic Items Tank Warden's Mail
19%
Legendary Items Tank Zeke's Convergence
19%
Starter AD Guardian's Hammer
17%
Starter AP Guardian's Orb
17%
Legendary Items AP Horizon Focus
17%
Epic Items AS Rageknife
17%
Basic Items Tank Rejuvenation Bead
17%
Legendary Items AD Serpent's Fang
17%
Legendary Items Tank Anathema's Chains
16%
Legendary Items AP Chemtech Putrifier
16%
Legendary Items Tank Fimbulwinter
16%
Starter AD Spectral Sickle
16%
Starter Tank Steel Shoulderguards
16%
Epic Items Tank Aegis of the Legion
15%
Epic Items AD Ironspike Whip
15%
Legendary Items AD Mercurial Scimitar
15%
Basic Items Mana Faerie Charm
14%
Epic Items AD Hexdrinker
14%
Distributed Items ARAM Poro-Snax
14%
Epic Items Enchanter Bandleglass Mirror
13%
Basic Items Any Broken Stopwatch
13%
Distributed Items Objective Eye of the Herald
13%
Starter AD Guardian's Blade
13%
Starter Jungle Hailblade
13%
Epic Items AP Hextech Alternator
13%
Legendary Items AD Umbral Glaive
13%
Champion Exclusive Kalista Black Spear
12%
Distributed Items Rune Slightly Magical Boots
12%
Epic Items AP Aether Wisp
11%
Epic Items AP Leeching Leer
11%
Legendary Items Tank Winter's Approach
11%
Distributed Items Rune Commencing Stopwatch
10%
Epic Items AD Hearthbound Axe
10%
Epic Items Tank Targon's Buckler
10%
Legendary Items Any Vigilant Wardstone
10%
Epic Items Any Watchful Wardstone
10%
Epic Items Enchanter Forbidden Idol
9%
Epic Items AP Frostfang
9%
Legendary Items AD Silvermere Dawn
9%
Epic Items AP Spectre's Cowl
9%
Epic Items Tank Winged Moonplate
9%
Epic Items Tank Glacial Buckler
8%
Epic Items AS Kircheis Shard
8%
Distributed Items Rune Perfectly Timed
8%
Legendary Items AP Shard of True Ice
8%
Epic Items Tank Crystalline Bracer
7%
Epic Items AP Blighting Jewel
6%
Legendary Items Tank Bulwark of the Mountain
6%
Epic Items AP Verdant Barrier
6%
Legendary Items AD Black Mist Scythe
5%
Champion Exclusive Gangplank Death's Daughter
5%
Legendary Items Tank Pauldrons of Whiterock
5%
Epic Items Tank Runesteel Spaulders
5%
Champion Exclusive Fiddlesticks Scarecrow Effigy
5%
Champion Exclusive Gangplank Fire at Will
4%
Epic Items AD Harrowing Crescent
4%
Champion Exclusive Gangplank Raise Morale
4%
No matching quizzes found
Score Distribution
Percent of People with Each Score
Percentile by Number Answered
Your Score History
You have not taken this quiz